000
00261nam a22001217a 4500
008
181217b xxu||||| |||| 00| 0 eng d
041
_a
eng
080
_a
616.5
100
_a
7
101
_a
DER
245
_a
Your skin from A to Z
_c
Litt, J.Z
942
_2
udc
_c
BK
999
_c
53312
_d
53312